Letters to children of light : (Record no. 9878)
[ view plain ]
| 000 -LEADER | |
|---|---|
| fixed length control field | 00662nam a2200229Ia 4500 |
| 001 - CONTROL NUMBER | |
| control field | 3012726 |
| 003 - CONTROL NUMBER IDENTIFIER | |
| control field | OCoLC |
| 005 - DATE AND TIME OF LATEST TRANSACTION | |
| control field | 20210205111412.0 |
| 008 - FIXED-LENGTH DATA ELEMENTS--GENERAL INFORMATION | |
| fixed length control field | 770603s1975 cau 000 0 eng d |
| 010 ## - LIBRARY OF CONGRESS CONTROL NUMBER | |
| LC control number | 75014883 |
| 020 ## - INTERNATIONAL STANDARD BOOK NUMBER | |
| International Standard Book Number | 0830703128 |
| 040 ## - CATALOGING SOURCE | |
| Original cataloging agency | WIT |
| Transcribing agency | WIT |
| Modifying agency | BSC |
| 050 ## - LIBRARY OF CONGRESS CALL NUMBER | |
| Item number | B634L |
| 082 ## - DEWEY DECIMAL CLASSIFICATION NUMBER | |
| Item number | B634L |
| 092 ## - LOCALLY ASSIGNED DEWEY CALL NUMBER (OCLC) | |
| Classification number | 227.9407 |
| Item number | B634L |
| 100 1# - MAIN ENTRY--PERSONAL NAME | |
| Personal name | Blaiklock, Edward Musgrave, |
| Dates associated with a name | 1903- |
| 245 10 - TITLE STATEMENT | |
| Title | Letters to children of light : |
| Remainder of title | commentary on First, Second and Third John / |
| Statement of responsibility, etc. | E. M. Blaiklock. |
| 260 ## - PUBLICATION, DISTRIBUTION, ETC. | |
| Place of publication, distribution, etc. | Glendale, Calif. : |
| Name of publisher, distributor, etc. | Regal, |
| Date of publication, distribution, etc. | 1975. |
| 300 ## - PHYSICAL DESCRIPTION | |
| Extent | 127 p. ; |
| Dimensions | 18 cm. |
| 630 00 - SUBJECT ADDED ENTRY--UNIFORM TITLE | |
| Uniform title | Bible. |
| Name of part/section of a work | N.T. |
| -- | Epistles of John |
| General subdivision | Commentaries. |
| 942 ## - ADDED ENTRY ELEMENTS (KOHA) | |
| Source of classification or shelving scheme | Dewey Decimal Classification |
| Koha item type | Books |
| Withdrawn status | Lost status | Source of classification or shelving scheme | Damaged status | Not for loan | Collection code | Home library | Current library | Shelving location | Date acquired | Total Checkouts | Full call number | Barcode | Date last seen | Price effective from | Koha item type |
|---|---|---|---|---|---|---|---|---|---|---|---|---|---|---|---|
| Dewey Decimal Classification | Non-fiction | Harvest Mission College | Harvest Mission College | General Stacks | 09.02.2021 | 227.94 B634L | 011364 | 09.02.2021 | 09.02.2021 | Books |
